LEADER 01389nam a2200301 u 4500 001 000000105462 003 CaOOAMICUS 005 20070607103530.0 008 070607s2007 it u100 u ita u 020 $z978-88-7105-225-0* 040 $aPUL$bita$dES 110 2 $aAssociazione teologica Italiana.$0(OLS)http://pul/name/22895 245 10$aChiesa e sinodalità :$bcoscienza, forme, processi /$cAssociazione teologica italiana ; a cura di Riccardo Battocchio e Serena Nocetti. 260 $aMilano :$bGlossa,$cc2007. 300 $axxiv, 350 p. ;$c27 cm 490 1 $aForum ATI ;$v3 503 $aContiene riferimenti bibliografici 650 04$aEcclesiologia$xCongressi$ySec. XXI.$0(OLS)http://pul/subject/23783 700 1 $aNoceti, Serena.$0(OLS)http://pul/name/51069 700 1 $aBattocchio, Riccardo,$csac.,$d1962-$0(OLS)http://pul/name/41208 830 0$aForum ATI ;$v3.$0(OLS)http://pul/title/132533 850 $aPUL 852 $aPUL$W1$xSL Religione 3$y85$m262. 4 BATRI 1$j118212$qDDC 21$q $B118113$CPULBib$Z2$F118113 $H104449 $81 910 $aATI (Associazione teologica Italiana)$922895 941 1 $a9 996 $6020$z978-88-7105-225-0*$9(OLS)http://pul/number/134676 996 $6245$aChiesa e sinodalità :$bcoscienza, forme, processi$9(OLS)http://pul/title/132729 996 $6260$aMilano :$bGlossa$9(OLS)http://pul/publisher/53656 LEADER 01350nam a2200289 u 4500 001 000000018443 003 CaOOAMICUS 005 20070226110657.0 008 070226s1905 gw u000 u ger u 035 $a10434478 040 $aPUL(R)$bita 100 1 $aLeder, Paul August.$0(OLS)http://pul/name/3395 245 14$aDie Diakonen der Bischöfe und Presbyter und ihre urchristlichen Vorläufer :$bUntersuchungen über dir Vorgeschichte und die Anfänge des Archidiakonats /$cvon Dr. Paul August Leder. 260 $aStuttgart :$bF. Enke,$c1905. 300 $aviii, 402 p. ;$c23 cm 490 1 $aKirchenrechtliche Abhandlungen ;$v23-24 500 $aContiene indici. 504 $aBibliografia in nota. 650 4$aChiesa$xStoria.$0(OLS)http://pul/subject/128 830 0$aKirchenrechtliche Abhandlungen ;$v23-24.$0(OLS)http://pul/title/4672 850 $aPUL 852 $aPUL$W1$xDP2 Diritto Canonico 1$y64$m167 B 6$j25990$nBK-PRI$qStampati$B25990$CPULBib$Z2$F25990 $82 941 1 $a8 960 $aStoria della chiesa$9128 960 $aStoria ecclesiastica$9128 996 $6245$aDie Diakonen der Bischöfe und Presbyter und ihre urchristlichen Vorläufer :$bUntersuchungen über dir Vorgeschichte und die Anfänge des Archidiakonats$9(OLS)http://pul/title/26284 996 $6260$aStuttgart :$bF. Enke$9(OLS)http://pul/publisher/48745